[Event "21st Czech GM Open"]
[Site "Pardubice CZE"]
[Date "2010.07.24"]
[Round "2"]
[White "Ivanov,MM"]
[Black "Umanec,F"]
[Result "1-0"]
[WhiteElo "2486"]
[BlackElo "2225"]
[EventDate "2010.07.23"]

1. d4 d5 2. Nf3 c6 3. c4 e6 4. e3 f5 5. Be2 Nf6 6. O-O Bd6 7. b3 Qe7 8. Bb2
O-O 9. Qc1 b6 10. Ba3 Ba6 11. Bxd6 Qxd6 12. Qa3 Qxa3 13. Nxa3 Nbd7 14. Rfc1
Rfe8 15. b4 Rac8 16. b5 Bb7 17. bxc6 Bxc6 18. cxd5 Bxd5 19. Nb5 Rxc1+ 20.
Rxc1 Bxa2 21. Nxa7 e5 22. Bb5 exd4 23. Nxd4 f4 24. Rc7 fxe3 25. fxe3 Rd8
26. Nac6 Ra8 27. Nb4 Ne5 28. Nxa2 Rxa2 29. h3 Ra1+ 30. Kh2 Nd5 31. Rb7 Nxe3
32. Ne6 g6 33. Rg7+ Kh8 34. Re7 h5 35. Re8+ Kh7 36. Ng5+ Kh6 37. Rxe5 Nf5
38. Nf3 1-0

[Event "21st Czech GM Open"]
[Site "Pardubice CZE"]
[Date "2010.07.24"]
[Round "2"]
[White "Kozak,Mi"]
[Black "Klenburg,M"]
[Result "1/2-1/2"]
[WhiteElo "2213"]
[BlackElo "2437"]
[EventDate "2010.07.23"]

1. d4 d6 2. Nf3 Nf6 3. c4 Nbd7 4. Nc3 e5 5. e4 Be7 6. Be2 O-O 7. O-O c6 8.
Be3 a6 9. d5 cxd5 10. cxd5 b5 11. Nd2 Qc7 12. Rc1 Qb8 13. b4 Nb6 14. a4
bxa4 15. Nxa4 Nxa4 16. Qxa4 Bd7 17. Qb3 Bd8 18. Qb1 Bc7 19. Bg5 Bd8 20. Be3
h6 21. Rc3 Bc7 22. Rfc1 Rc8 23. h3 Qb7 24. Ra3 1/2-1/2

[Event "21st Czech GM Open"]
[Site "Pardubice CZE"]
[Date "2010.07.25"]
[Round "3"]
[White "Vokac,M"]
[Black "Safarli,E"]
[Result "1/2-1/2"]
[WhiteElo "2458"]
[BlackElo "2603"]
[EventDate "2010.07.23"]

1. Nf3 Nf6 2. c4 g6 3. Nc3 d5 4. cxd5 Nxd5 5. e4 Nxc3 6. dxc3 Qxd1+ 7. Kxd1
f6 8. Kc2 e5 9. Be3 Nd7 10. Bc4 Nc5 11. Nd2 a5 12. Rhe1 Bd7 13. f4 b5 14.
Bf1 exf4 15. Bxf4 Bd6 16. Bxd6 cxd6 17. Nf3 b4 18. Bc4 bxc3 19. b3 Ke7 20.
Kxc3 Bc6 21. Bd5 Ra6 22. Nd4 Bd7 23. a3 Rb6 24. Rac1 h5 25. Re3 h4 26. Rf1
Bb5 27. Rb1 Nd7 28. a4 Ba6 29. Kd2 Rc8 30. Rc1 Nc5 31. g3 hxg3 32. Rxg3 Rb4
33. Ke3 Rxd4 34. Kxd4 Ne6+ 35. Bxe6 Rxc1 36. Bd5 g5 37. h4 gxh4 38. Rh3
Rd1+ 39. Kc3 f5 40. Rxh4 Kf6 41. Rh6+ Kg5 42. Rxd6 fxe4 43. Rxa6 Rxd5 44.
Re6 Kf4 45. b4 axb4+ 46. Kxb4 e3 47. a5 Kf3 48. a6 1/2-1/2

[Event "21st Czech GM Open"]
[Site "Pardubice CZE"]
[Date "2010.07.25"]
[Round "3"]
[White "Kononenko,Dmitry1"]
[Black "Potapov,P"]
[Result "0-1"]
[WhiteElo "2590"]
[BlackElo "2445"]
[EventDate "2010.07.23"]

1. e4 c5 2. Nf3 Nc6 3. d4 cxd4 4. Nxd4 e5 5. Nb5 d6 6. c4 Be7 7. N1c3 a6 8.
Na3 f5 9. exf5 Bxf5 10. Bd3 Be6 11. O-O Nf6 12. Nc2 O-O 13. Nd5 Rc8 14. b3
b5 15. Nxe7+ Nxe7 16. cxb5 axb5 17. Bxb5 d5 18. Bb2 Ng6 19. Bd3 d4 20. f3
Nd5 21. Qd2 Ngf4 22. Bc4 Qg5 23. Kh1 Rxc4 24. bxc4 Ne3 25. g3 Nxf1 26. Rxf1
Nh3 27. Bc1 Qxd2 28. Bxd2 Bxc4 29. Rc1 Nf2+ 30. Kg2 Nd3 31. Rb1 Bd5 32. Rf1
Rb8 33. Ne1 Nc5 34. a3 e4 35. Bb4 Na6 36. fxe4 Bxe4+ 37. Kh3 Nxb4 38. axb4
d3 39. Nf3 Rxb4 40. Nd2 Bd5 41. Rf4 Rb2 42. Rf2 Be6+ 43. Kg2 Bg4 44. Kf1
Rc2 45. Nb3 Rc3 46. Rb2 Rxb3 0-1

[Event "21st Czech GM Open"]
[Site "Pardubice CZE"]
[Date "2010.07.25"]
[Round "3"]
[White "Berger,Stev"]
[Black "Rakhmanov,Ale"]
[Result "0-1"]
[WhiteElo "2432"]
[BlackElo "2590"]
[EventDate "2010.07.23"]

1. e4 e6 2. d4 d5 3. exd5 exd5 4. Nf3 Bd6 5. Bd3 Nc6 6. c3 Nge7 7. Nbd2 Bg4
8. O-O Qd7 9. b4 O-O 10. h3 Bf5 11. Nb3 Ng6 12. b5 Nce7 13. Nc5 Bxc5 14.
dxc5 Bxd3 15. Qxd3 a6 16. Rb1 axb5 17. Qxb5 Qxb5 18. Rxb5 Rfb8 19. Rb2 Kf8
20. Be3 Ke8 21. Rfb1 Kd7 22. Rd2 Ra4 23. Rbb2 f6 24. Rd4 Rxd4 25. Nxd4 Ne5
26. Rb5 N5c6 27. Nc2 Kc8 28. f4 Ra8 29. Rb2 Ra4 30. Kf2 Rc4 31. Rb3 Nf5 32.
g4 Nxe3 33. Kxe3 Rxc5 34. Ra3 Kb8 35. Nd4 Nxd4 36. Kxd4 b6 37. f5 c6 38.
Rb3 Rc4+ 39. Kd3 Kc7 40. Rb2 Re4 41. Rg2 h6 42. Rg3 Kd6 0-1

[Event "21st Czech GM Open"]
[Site "Pardubice CZE"]
[Date "2010.07.25"]
[Round "3"]
[White "Potapov,Alexa1"]
[Black "Schlosser,P"]
[Result "0-1"]
[WhiteElo "2426"]
[BlackElo "2575"]
[EventDate "2010.07.23"]

1. d4 Nf6 2. c4 e6 3. Nc3 Bb4 4. e3 c5 5. Bd3 O-O 6. Nf3 d5 7. O-O dxc4 8.
Bxc4 cxd4 9. exd4 a6 10. Qe2 b5 11. Bb3 Nc6 12. Rd1 Na5 13. Bc2 Bb7 14. a4
Bxc3 15. bxc3 Qd5 16. Ba3 Rfc8 17. Bb4 Nc4 18. axb5 axb5 19. Bd3 Nh5 20.
Bxc4 bxc4 21. Qe5 Nf6 22. Rab1 h6 23. Qxd5 Nxd5 24. Rb2 Nxb4 25. Rxb4 Bxf3
26. gxf3 Ra2 27. Rc1 Rd2 28. Kg2 g5 29. Re1 Rc2 30. h4 Rxc3 31. hxg5 Rb3
32. Ra4 c3 33. gxh6 c2 34. Raa1 Rd3 35. Rac1 Rxd4 36. Re2 Rdc4 37. Re3 Kh7
38. Kf1 Kxh6 39. Ke2 Kg5 40. Ra3 Rc3 41. Ra4 R8c4 42. Ra7 f5 43. Ra6 e5 44.
Ra5 Kf4 45. Ra2 Kg5 46. Rb2 Kf6 47. Rb6+ Ke7 48. Rb7+ Kd6 49. Rb6+ Kc5 50.
Rb8 Kd5 51. Rb5+ Ke6 52. Rb6+ Kf7 53. Rb2 Kf6 54. Rb6+ Kg5 55. Rb2 Kf4 56.
Ra2 e4 57. fxe4 Kxe4 58. Ra8 Kf4 59. Ra2 Kg4 60. Ra8 Kh3 61. Rh8+ Kg2 62.
Rg8+ Rg4 63. Rf8 Rf3 64. Rc8 Rxf2+ 65. Kd3 Rg3+ 66. Kd4 f4 67. R8xc2 Rxc2
68. Rxc2+ Kh3 69. Ke4 Kg4 70. Re2 Rg1 71. Ke5 f3 72. Re3 f2 0-1

[Event "21st Czech GM Open"]
[Site "Pardubice CZE"]
[Date "2010.07.25"]
[Round "3"]
[White "Maslak,K"]
[Black "Nurkiewicz,M"]
[Result "1-0"]
[WhiteElo "2560"]
[BlackElo "2428"]
[EventDate "2010.07.23"]

1. e4 c5 2. Nf3 d6 3. d4 cxd4 4. Nxd4 Nf6 5. Nc3 g6 6. Be3 Bg7 7. f3 Nc6 8.
Qd2 O-O 9. O-O-O d5 10. Kb1 Nxd4 11. e5 Nd7 12. Bxd4 Bxe5 13. Nxd5 Bxd4 14.
Qxd4 e6 15. Nc3 Qb6 16. Qf4 e5 17. Qg3 Qc5 18. h4 Nb6 19. Bd3 f6 20. f4
exf4 21. Qxf4 Be6 22. Qh6 Bf5 23. Bxf5 Qxf5 24. h5 Rad8 25. Rdf1 Qg5 26.
hxg6 Qxg6 27. Qf4 Nd5 28. Qc4 Qf7 29. Ne4 Qe6 30. Rh6 b5 31. Qd3 Nc3+ 32.
Qxc3 Qxe4 33. Rhxf6 Rxf6 34. Qxf6 Rc8 35. Qf2 b4 36. Re1 Qg6 37. Qd2 Rf8
38. b3 a5 39. Qd5+ Kh8 40. Qxa5 Rf4 1-0

[Event "21st Czech GM Open"]
[Site "Pardubice CZE"]
[Date "2010.07.25"]
[Round "3"]
[White "Rojicek,V"]
[Black "Polak,T"]
[Result "1/2-1/2"]
[WhiteElo "2423"]
[BlackElo "2544"]
[EventDate "2010.07.23"]

1. Nf3 b6 2. d4 Bb7 3. c4 e6 4. Nc3 Bb4 5. Bg5 Nf6 6. e3 h6 7. Bh4 Bxc3+ 8.
bxc3 d6 9. Nd2 Qe7 10. f3 e5 11. Bf2 Nc6 12. Be2 Rd8 13. e4 Na5 14. Nb3 Nc6
15. O-O O-O 16. Rb1 Bc8 17. d5 Nb8 18. c5 Nbd7 19. cxd6 cxd6 20. a4 Nh5 21.
g3 Nc5 22. a5 Bh3 23. Re1 f5 24. Nxc5 bxc5 25. exf5 Bxf5 26. Rb2 Qg5 27.
Bf1 Nf6 28. Rb7 Rd7 29. a6 Rdf7 30. Qb3 Qg6 31. Bc4 Kh7 32. Qb5 e4 33. Qc6
Nh5 34. Rxf7 Rxf7 35. Be2 Nf4 36. Bf1 exf3 37. Qe8 Nh3+ 38. Bxh3 Bxh3 39.
Qe4 Rf5 40. c4 Bg4 41. Qe8 Rf7 42. h4 Bf5 43. Re3 Bd7 44. Qe4 Bc8 45. Qxg6+
Kxg6 46. Re4 Bxa6 47. Be3 Bc8 48. Bf4 Rf6 49. Kf2 Kf7 50. Re3 a5 51. Ra3
Ba6 52. Ra4 Ke7 53. Bd2 Rf8 54. Bxa5 Bc8 55. Bc3 Rf7 56. Ra7+ Bd7 57. h5
Ke8 58. Ra8+ Ke7 59. Ra7 Ke8 60. Ra8+ Ke7 1/2-1/2

[Event "21st Czech GM Open"]
[Site "Pardubice CZE"]
[Date "2010.07.25"]
[Round "3"]
[White "Jaracz,P"]
[Black "Zaslavsky,M"]
[Result "1/2-1/2"]
[WhiteElo "2541"]
[BlackElo "2413"]
[EventDate "2010.07.23"]

1. d4 Nf6 2. c4 g6 3. g3 Bg7 4. Bg2 d5 5. cxd5 Nxd5 6. Nf3 O-O 7. O-O c5 8.
e4 Nf6 9. e5 Nfd7 10. e6 fxe6 11. Ng5 Qb6 12. Qe2 cxd4 13. Nxe6 Re8 14. Rd1
Nc6 15. Na3 Nde5 16. Nxg7 Kxg7 17. Bf4 Nf7 18. Nc4 Qc5 19. Bxc6 bxc6 20.
Be5+ Nxe5 21. Qxe5+ Qxe5 1/2-1/2

[Event "21st Czech GM Open"]
[Site "Pardubice CZE"]
[Date "2010.07.25"]
[Round "3"]
[White "Cifka,S"]
[Black "Panarin,M"]
[Result "0-1"]
[WhiteElo "2420"]
[BlackElo "2531"]
[EventDate "2010.07.23"]

1. d4 Nf6 2. c4 c5 3. d5 e6 4. Nc3 exd5 5. cxd5 d6 6. Nf3 g6 7. Bf4 a6 8.
Nd2 b5 9. a4 b4 10. Nce4 Nxe4 11. Nxe4 Bf5 12. Bg5 Be7 13. Bxe7 Qxe7 14.
Ng3 Bc8 15. e3 Nd7 16. a5 O-O 17. Be2 h5 18. O-O h4 19. Nh1 Nf6 20. Qb3 Bb7
21. Bc4 Rfe8 22. Rfe1 h3 23. Ng3 hxg2 24. Kxg2 Kg7 25. h4 Ne4 26. Rh1 Nxg3
27. Kxg3 Qe5+ 28. Kg2 Qe4+ 29. f3 Qxe3 30. Qxe3 Rxe3 31. h5 Re5 32. hxg6
fxg6 33. Rad1 Rf8 34. Rhe1 Rff5 35. Rxe5 Rxe5 36. Kf2 Kf6 37. Rd3 Re8 38.
Re3 Re5 39. f4 Rf5 40. Re6+ Kf7 41. Rxd6 Rxf4+ 42. Ke3 Rxc4 43. Rd7+ Kf6
44. Rxb7 Ke5 45. Rb6 Kxd5 46. Kd2 g5 47. Rxa6 b3 48. Ra8 Rc2+ 49. Kd3 c4+
50. Ke3 Rxb2 51. a6 Ra2 52. a7 c3 53. Rd8+ Ke6 54. Re8+ Kd7 55. Rb8 c2 56.
Kd2 Ra1 57. Rb7+ Kc6 0-1

[Event "21st Czech GM Open"]
[Site "Pardubice CZE"]
[Date "2010.07.25"]
[Round "3"]
[White "Vaibhav,S"]
[Black "Sethuraman,S"]
[Result "1/2-1/2"]
[WhiteElo "2419"]
[BlackElo "2513"]
[EventDate "2010.07.23"]

1. e4 c6 2. d4 d5 3. Nc3 dxe4 4. Nxe4 Bf5 5. Ng3 Bg6 6. h4 h6 7. Nf3 Nd7 8.
h5 Bh7 9. Bd3 Bxd3 10. Qxd3 e6 11. Bd2 Ngf6 12. O-O-O Be7 13. Qe2 O-O 14.
Nf1 Nb6 15. Kb1 Na4 16. b3 Nb6 17. g4 a5 18. a4 Nbd5 19. Ne5 b5 20. Nxc6
Qd6 21. axb5 Qa3 22. Rh3 Nb4 23. Nxe7+ Kh8 24. Bc3 Qa2+ 25. Kc1 a4 26. g5
hxg5 27. Ng6+ Kg8 28. Ne7+ Kh8 29. Ng6+ Kg8 30. Ne7+ Kh8 31. Ng6+ 1/2-1/2

[Event "21st Czech GM Open"]
[Site "Pardubice CZE"]
[Date "2010.07.25"]
[Round "3"]
[White "Sergienko,S"]
[Black "Danin,A"]
[Result "1/2-1/2"]
[WhiteElo "2412"]
[BlackElo "2509"]
[EventDate "2010.07.23"]

1. e4 c5 2. Nf3 e6 3. d3 Nc6 4. g3 Nge7 5. Bg2 g6 6. O-O Bg7 7. c3 O-O 8.
Nbd2 b6 9. Re1 d6 10. Nf1 e5 11. Rb1 h6 12. a3 a5 13. a4 Be6 14. Ne3 Rb8
15. Nc4 Qc7 16. Qe2 f5 17. exf5 Nxf5 18. Nfd2 Rbe8 19. Na3 d5 20. Nb5 Qd7
21. Nf1 Kh7 22. h4 Re7 23. Nh2 Ref7 24. Rf1 Re7 25. Re1 Bf7 26. Qc2 Rfe8
27. Bd2 Nd8 28. Rbd1 Nb7 29. Bc1 Nbd6 30. Nxd6 Qxd6 31. Re2 Qc7 32. Rde1
Nd6 33. Ng4 Nf5 34. Nh2 Qd6 35. Nf3 Qc7 36. Nh2 c4 37. dxc4 Qxc4 38. h5 e4
39. hxg6+ Bxg6 40. Qd1 Qc5 41. Kh1 e3 42. Bxe3 Rxe3 43. Rxe3 Nxe3 44. Rxe3
Rxe3 45. fxe3 Qxe3 46. Nf1 Qf2 47. Qxd5 Qxb2 48. Be4 Qf2 49. Bxg6+ Kxg6 50.
Qe4+ Qf5 51. Qc6+ Kh7 52. Kg2 Qg6 53. Qd7 Qe4+ 54. Kh3 Kg6 55. Qd6+ Bf6 56.
Qxb6 Qf5+ 57. Kg2 Qc2+ 58. Kh3 Qxc3 59. Ne3 1/2-1/2

[Event "21st Czech GM Open"]
[Site "Pardubice CZE"]
[Date "2010.07.25"]
[Round "3"]
[White "Grinev,V"]
[Black "Hasangatin,R"]
[Result "1/2-1/2"]
[WhiteElo "2336"]
[BlackElo "2498"]
[EventDate "2010.07.23"]

1. d4 d5 2. c4 c6 3. Nf3 Nf6 4. e3 Bf5 5. Nc3 e6 6. Nh4 Be4 7. f3 Bg6 8.
Qb3 Qc7 9. g3 Nbd7 10. cxd5 exd5 11. e4 dxe4 12. Nxg6 hxg6 13. fxe4 Qb6 14.
Bc4 Qxb3 15. Bxb3 Nb6 16. O-O Be7 17. g4 O-O 18. g5 Ne8 19. Bf4 Rd8 20.
Rad1 Nd6 21. h4 Ndc4 22. Bc7 Rd7 23. Bxb6 Nxb6 24. h5 c5 25. Nd5 Nxd5 26.
Bxd5 gxh5 27. g6 Rxd5 28. exd5 cxd4 29. gxf7+ Rxf7 30. Rxf7 Kxf7 31. Kg2
Bf6 32. Re1 d3 33. Rd1 Bxb2 34. Rxd3 Bf6 35. d6 Ke6 36. d7 Bd8 37. Kf3 g5
38. Ke4 h4 39. Kf3 b5 40. Kg4 a5 41. Rd1 1/2-1/2

[Event "21st Czech GM Open"]
[Site "Pardubice CZE"]
[Date "2010.07.25"]
[Round "3"]
[White "Zilka,S"]
[Black "Allahverdiev,A"]
[Result "0-1"]
[WhiteElo "2493"]
[BlackElo "2410"]
[EventDate "2010.07.23"]

1. e4 e6 2. d4 d5 3. Nc3 Nf6 4. e5 Nfd7 5. f4 c5 6. Nf3 Nc6 7. Be3 Be7 8.
Qd2 O-O 9. Be2 a6 10. O-O b5 11. Nd1 Qb6 12. c3 b4 13. Nf2 a5 14. g4 Ba6
15. Bxa6 Rxa6 16. f5 bxc3 17. bxc3 Rb8 18. Nd3 Qb5 19. Nf4 Qc4 20. Rab1
Rab6 21. Rxb6 Rxb6 22. Nh5 cxd4 23. cxd4 Qb4 24. Qf2 Qb2 25. Nd2 Nd8 26.
Nxg7 Kxg7 27. f6+ Bxf6 28. exf6+ Kh8 29. Rb1 Qc2 30. Rxb6 Qd1+ 31. Qf1
Qxf1+ 32. Kxf1 Nxb6 33. Ke2 Nd7 34. g5 Nc6 35. a3 h6 36. h4 hxg5 37. hxg5
Kh7 38. Kf3 Nb6 39. Kg4 a4 40. Nf3 Nc4 41. Bc1 Kg6 42. Nh4+ Kh7 43. Nf3 Na7
44. Kh4 Kg6 45. Bd2 Nc6 46. Bc1 e5 47. dxe5 N6xe5 48. Kg3 Kf5 49. Nd4+ Ke4
50. Nc6 d4 51. Nxe5 Nxe5 52. Kf2 Kd3 53. Bf4 Ng6 54. Bd6 Kc2 55. Bb4 Nf4
56. Kf3 Ne6 57. Ke4 d3 58. Kf5 Nd8 59. g6 fxg6+ 60. Kxg6 d2 61. Bxd2 Kxd2
62. Kg7 Kc3 63. Kf8 Ne6+ 64. Kf7 Nf4 0-1

[Event "21st Czech GM Open"]
[Site "Pardubice CZE"]
[Date "2010.07.25"]
[Round "3"]
[White "Pribyl,Jo"]
[Black "Kasparov,S"]
[Result "1/2-1/2"]
[WhiteElo "2325"]
[BlackElo "2492"]
[EventDate "2010.07.23"]

1. e4 d6 2. d4 Nf6 3. Nc3 e5 4. dxe5 dxe5 5. Qxd8+ Kxd8 6. Bc4 Be6 7. Bxe6
fxe6 8. Be3 Bd6 9. f3 Ke7 10. Nh3 a6 1/2-1/2

[Event "21st Czech GM Open"]
[Site "Pardubice CZE"]
[Date "2010.07.25"]
[Round "3"]
[White "Shemeakin,A"]
[Black "Vidit,S"]
[Result "1/2-1/2"]
[WhiteElo "2281"]
[BlackElo "2492"]
[EventDate "2010.07.23"]

1. d4 d5 2. c4 c6 3. Nf3 Nf6 4. cxd5 cxd5 5. Nc3 Nc6 6. Bf4 a6 7. e3 Bg4 8.
Be2 e6 9. O-O Bd6 10. Bxd6 Qxd6 11. Nd2 Bxe2 12. Qxe2 1/2-1/2

[Event "21st Czech GM Open"]
[Site "Pardubice CZE"]
[Date "2010.07.25"]
[Round "3"]
[White "Velicka,P"]
[Black "Batchuluun,T"]
[Result "1/2-1/2"]
[WhiteElo "2483"]
[BlackElo "2388"]
[EventDate "2010.07.23"]

1. e4 e5 2. Nf3 Nc6 3. Bc4 Bc5 4. c3 Nf6 5. d3 a6 6. Bb3 d6 7. h3 h6 8.
Nbd2 O-O 9. Nf1 Be6 10. Ng3 d5 11. O-O Ba7 12. Qe2 Re8 13. Rd1 Qc8 14. Be3
dxe4 15. dxe4 Bxe3 16. Qxe3 Bxb3 17. axb3 Qe6 18. Nd2 Rad8 19. Qe2 Rd7 20.
Nc4 Red8 21. Rxd7 Rxd7 22. Qc2 g6 23. Rd1 Rxd1+ 24. Qxd1 h5 25. Qd3 Qd7 26.
Qxd7 Nxd7 27. b4 b5 28. Nd2 Nb6 29. b3 a5 30. bxa5 Nxa5 31. Ngf1 Kf8 32. h4
Ke7 1/2-1/2

[Event "21st Czech GM Open"]
[Site "Pardubice CZE"]
[Date "2010.07.25"]
[Round "3"]
[White "Tikkanen,H"]
[Black "Lerch,Pa"]
[Result "1-0"]
[WhiteElo "2469"]
[BlackElo "2340"]
[EventDate "2010.07.23"]

1. d4 Nf6 2. c4 e6 3. Nc3 Bb4 4. Nf3 b6 5. e3 Bb7 6. Bd3 Ne4 7. Qc2 f5 8.
O-O Bxc3 9. bxc3 O-O 10. Nd2 Qh4 11. f3 Ng5 12. f4 Qg4 13. d5 Nf7 14. e4
exd5 15. exd5 Nh6 16. Nf3 d6 17. Ng5 Qh5 18. Ne6 Rf7 19. Be2 Qg6 20. Nd8
Bc8 21. Nxf7 Qxf7 22. Be3 Nd7 23. Rae1 Nf6 24. Bd4 Bd7 25. Bd3 Kf8 26. Qf2
Nhg8 27. Qh4 g6 28. Re2 Re8 29. Rxe8+ Nxe8 30. Re1 Nef6 31. h3 Bc8 32. Re3
Bd7 33. Be2 Bc8 34. g4 Bd7 35. gxf5 gxf5 36. Kh2 Qg7 37. Bd1 c5 38. Rg3 Qe7
39. Bxf6 Nxf6 40. Qh6+ Ke8 41. Rg7 Qf8 42. Bh5+ 1-0

[Event "21st Czech GM Open"]
[Site "Pardubice CZE"]
[Date "2010.07.25"]
[Round "3"]
[White "Zakhartsov,Vi"]
[Black "Schulz,Je"]
[Result "1-0"]
[WhiteElo "2608"]
[BlackElo "2156"]
[EventDate "2010.07.23"]

1. Nf3 Nf6 2. c4 e6 3. Nc3 d5 4. d4 c6 5. Bg5 h6 6. Bxf6 Qxf6 7. e3 g6 8.
Bd3 Bg7 9. O-O dxc4 10. Bxc4 Nd7 11. Rc1 O-O 12. e4 e5 13. d5 Nb6 14. Bb3
Rd8 15. Qe2 Bg4 16. dxc6 bxc6 17. Na4 Bf8 18. Nc5 a5 19. Rc3 Bxc5 20. Rxc5
Nd7 21. Rc3 a4 22. Bc4 Rab8 23. h3 Be6 24. Rfc1 Rb6 25. Qc2 Rdb8 26. Qxa4
Nc5 27. Qa3 Nxe4 28. R3c2 Bf5 29. Bd3 Nd6 30. Bxf5 Nxf5 31. Re1 e4 32. Rxe4
Rxb2 33. Rxb2 Qxb2 34. Re8+ Kh7 35. Qxb2 Rxb2 36. a4 Ra2 37. Ra8 Ra1+ 38.
Kh2 c5 39. Ne5 Kg7 40. a5 Kf6 41. Nd7+ Ke6 42. Nxc5+ Kd5 43. Nd3 Nd6 44. a6
Nb5 45. Rc8 Kd6 46. Rb8 Nc7 47. Rb6+ Kd5 48. Nb4+ Kc5 49. Rc6+ Kxb4 50.
Rxc7 Rxa6 51. Rxf7 Kc5 52. Rd7 Ra3 53. g4 g5 54. Kg2 Ra6 55. h4 gxh4 56.
Kh3 Rf6 57. Rd2 Kc4 58. Kxh4 Kc3 59. Ra2 Kd3 60. Kg3 Kd4 61. Re2 Kd5 62. f4
Ra6 63. Kh4 Rf6 64. f5 Kd6 65. Kh5 Kd7 66. Re6 1-0

[Event "21st Czech GM Open"]
[Site "Pardubice CZE"]
[Date "2010.07.25"]
[Round "3"]
[White "Grigoriants,S RUS"]
[Black "Figura,A"]
[Result "1-0"]
[WhiteElo "2566"]
[BlackElo "2403"]
[EventDate "2010.07.23"]

1. e4 e5 2. Nf3 Nc6 3. Bb5 Nf6 4. d3 Bc5 5. O-O Nd4 6. Nxd4 Bxd4 7. c3 Bb6
8. Nd2 c6 9. Ba4 O-O 10. Nf3 d6 11. h3 h6 12. Re1 Re8 13. b4 Nh5 14. d4 Qf6
15. b5 cxb5 16. Bxb5 Rd8 17. Bc4 Nf4 18. Bxf4 Qxf4 19. a4 Ba5 20. Re3 Bd7
21. Bd5 Bc6 22. Qb3 Qf6 23. Rd1 Qe7 24. Red3 Rac8 25. Bxc6 bxc6 26. dxe5
dxe5 27. Rxd8+ Rxd8 28. Rxd8+ Bxd8 29. Qb8 Qc7 30. Qb4 Be7 31. Qc4 g6 32.
Ne1 Kg7 33. Nd3 h5 34. Kf1 Bd6 35. Ke2 Qb6 36. Kd2 Be7 37. Kc2 Bd6 38. Kd2
Be7 39. Kc2 Bd6 40. g3 Qc7 41. h4 Kg8 42. Kd2 Kg7 43. Ke2 Kg8 44. Kf1 Kg7
45. Kg2 Kg8 46. Qa6 Kg7 47. Qc4 Kg8 48. Kf3 Kg7 49. Ke2 Kg8 50. Ne1 Qb6 51.
Nf3 Bc5 52. Kf1 Bd6 53. Ng5 Qc7 54. Kg2 Bf8 55. a5 Bh6 56. Qc5 Bf8 57. Qc4
Bh6 58. Qb4 Bxg5 59. hxg5 c5 60. Qb5 c4 61. a6 Kg7 62. Kf1 Kg8 63. Ke1 Kg7
64. Ke2 Kg8 65. Kf1 Kg7 66. Qb7 Qc5 67. Qb8 Kh7 68. Qb4 Qc8 69. Qb7 Qh3+
70. Kg1 Qe6 71. Qxa7 h4 72. Qc7 Qxa6 73. Qxf7+ Kh8 74. Qe8+ Kh7 75. gxh4
Qa1+ 76. Kg2 Qd1 77. Qf7+ Kh8 78. Qf8+ 1-0

[Event "21st Czech GM Open"]
[Site "Pardubice CZE"]
[Date "2010.07.25"]
[Round "3"]
[White "Biolek,R1"]
[Black "Gabrielian,A"]
[Result "0-1"]
[WhiteElo "2407"]
[BlackElo "2559"]
[EventDate "2010.07.23"]

1. Nf3 Nf6 2. g3 g6 3. Bg2 Bg7 4. O-O O-O 5. d3 d5 6. Nbd2 c5 7. e4 Nc6 8.
h3 b6 9. Re1 e5 10. exd5 Nxd5 11. Nc4 0-1

[Event "21st Czech GM Open"]
[Site "Pardubice CZE"]
[Date "2010.07.25"]
[Round "3"]
[White "Klima,L"]
[Black "Pridorozhni,A"]
[Result "0-1"]
[WhiteElo "2392"]
[BlackElo "2553"]
[EventDate "2010.07.23"]

1. e4 d6 2. d4 Nf6 3. Nc3 e5 4. Nf3 Nbd7 5. Bc4 Be7 6. O-O O-O 7. Re1 c6 8.
a4 a5 9. b3 Qc7 10. Bb2 Nb6 11. Bf1 Bg4 12. h3 Bh5 13. Nb1 exd4 14. Qxd4 d5
15. exd5 Bxf3 16. gxf3 Nbxd5 17. c4 Nb4 18. Na3 Rfd8 19. Qe3 Re8 20. Bxf6
gxf6 21. Rad1 b5 22. Rd4 f5 23. Rd2 Bf6 24. Qxe8+ Rxe8 25. Rxe8+ Kg7 26.
Nc2 Nxc2 27. Rxc2 Bd4 28. f4 Qxf4 29. Bg2 Qg3 30. Ra2 Bc5 31. Ree2 f4 32.
Kf1 Qxb3 33. Bxc6 Qxh3+ 34. Bg2 Qb3 0-1

[Event "21st Czech GM Open"]
[Site "Pardubice CZE"]
[Date "2010.07.25"]
[Round "3"]
[White "Simacek,P"]
[Black "Arslanov,S"]
[Result "1-0"]
[WhiteElo "2532"]
[BlackElo "2377"]
[EventDate "2010.07.23"]

1. e4 e6 2. d4 d5 3. Nd2 Nf6 4. e5 Nfd7 5. Bd3 c5 6. c3 Nc6 7. Ne2 cxd4 8.
cxd4 f6 9. Nf4 Nxd4 10. Qh5+ Ke7 11. exf6+ Nxf6 12. Ng6+ hxg6 13. Qxh8 Kf7
14. Qh4 e5 15. Nf3 Nxf3+ 16. gxf3 Bf5 17. Bxf5 gxf5 18. Bg5 Qa5+ 19. Kf1 g6
20. Qh8 Qa6+ 21. Kg2 Re8 22. Rhc1 Be7 23. Qh6 Qd6 24. Rc2 Qd8 25. Bxf6 Kxf6
26. Rac1 Rh8 27. Qe3 f4 28. Qxa7 Qd7 29. Qb6+ Kg7 30. Kf1 Qh3+ 31. Ke2 e4
32. Qd4+ Kh7 33. Rc7 Qxf3+ 34. Ke1 Re8 35. Qe5 e3 36. Rxe7+ Kh6 37. Qg7+
Kh5 38. Re5+ Rxe5 39. Qxe5+ g5 40. fxe3 fxe3 41. Rc2 Qh1+ 42. Ke2 Qg2+ 43.
Kd3 1-0

[Event "21st Czech GM Open"]
[Site "Pardubice CZE"]
[Date "2010.07.25"]
[Round "3"]
[White "Hedman,E"]
[Black "Nabaty,T"]
[Result "0-1"]
[WhiteElo "2391"]
[BlackElo "2523"]
[EventDate "2010.07.23"]

1. e4 e5 2. Nf3 Nc6 3. Bc4 Bc5 4. c3 Nf6 5. d3 O-O 6. O-O a6 7. Bb3 Ba7 8.
Bg5 d6 9. Nbd2 Kh8 10. Nc4 h6 11. Bh4 g5 12. Bg3 Ne7 13. Bc2 Nh5 14. d4 f6
15. h3 Qe8 16. Qd2 Ng6 17. Bh2 Nhf4 18. Ne3 Ne7 19. Kh1 Be6 20. Ng1 Rd8 21.
Rad1 Qb5 22. a4 Qe8 23. Ne2 Nxe2 24. Qxe2 Bd7 25. Qc4 Bc6 26. Rfe1 b5 27.
axb5 axb5 28. Qe2 Qf7 29. h4 Bd7 30. h5 Rfe8 31. g4 exd4 32. cxd4 Nc6 33.
e5 Nxd4 34. Rxd4 Bxd4 35. Bg6 Bc6+ 36. Kg1 Qe6 37. Bxe8 Rxe8 38. Qc2 Bxe3
39. Qxc6 Bb6 0-1

[Event "21st Czech GM Open"]
[Site "Pardubice CZE"]
[Date "2010.07.25"]
[Round "3"]
[White "Kunte,A"]
[Black "Raykhman,A"]
[Result "1/2-1/2"]
[WhiteElo "2521"]
[BlackElo "2362"]
[EventDate "2010.07.23"]

1. d4 Nf6 2. c4 g6 3. g3 Bg7 4. Bg2 O-O 5. Nc3 d6 6. Nf3 Nc6 7. O-O a6 8.
Qd3 Bd7 9. d5 Nb4 10. Qd1 a5 11. a3 Na6 12. Be3 c6 13. Bd4 Nc5 14. Bxc5
dxc5 15. e4 Ng4 16. Qe2 Ne5 17. Nd2 1/2-1/2

[Event "21st Czech GM Open"]
[Site "Pardubice CZE"]
[Date "2010.07.25"]
[Round "3"]
[White "Schneider,Il"]
[Black "Kireev,Al"]
[Result "1/2-1/2"]
[WhiteElo "2515"]
[BlackElo "2355"]
[EventDate "2010.07.23"]

1. e4 d6 2. d4 e5 3. Nf3 exd4 4. Nxd4 Nf6 5. Nc3 Be7 6. Qf3 O-O 7. Nf5 Bxf5
8. Qxf5 Nc6 9. Be3 Qd7 10. Qxd7 Nxd7 11. O-O-O Rfe8 12. g3 Nf6 13. h3 a6
14. Bg2 h6 15. Rhe1 Bf8 16. f4 g6 17. g4 Bg7 18. Bf3 Rac8 19. Kb1 Nh7 20.
Nd5 Nf6 21. Bf2 Nxd5 22. exd5 Nb8 23. c4 Nd7 24. Kc2 a5 25. b3 Kf8 26. a3
b6 27. h4 Rxe1 28. Rxe1 Re8 29. Rxe8+ Kxe8 30. g5 hxg5 31. hxg5 f6 32. Bg4
fxg5 33. Bxd7+ Kxd7 34. fxg5 Be5 35. Be3 Kc8 36. a4 Kb7 37. Kd3 Bb2 38. Bd4
Bc1 39. Be3 Bb2 40. Bd4 1/2-1/2

[Event "21st Czech GM Open"]
[Site "Pardubice CZE"]
[Date "2010.07.25"]
[Round "3"]
[White "Maximov,D"]
[Black "Kashlinskaya,A"]
[Result "1/2-1/2"]
[WhiteElo "2506"]
[BlackElo "2352"]
[EventDate "2010.07.23"]

1. e4 e5 2. Nf3 Nc6 3. Bb5 a6 4. Ba4 Nf6 5. O-O Be7 6. Re1 b5 7. Bb3 d6 8.
c3 O-O 9. h3 Nb8 10. d4 Nbd7 11. Nbd2 Bb7 12. Bc2 Re8 13. Nf1 Bf8 14. Ng3
g6 15. a4 c5 16. b3 d5 17. Nxe5 Nxe4 18. Nxd7 Qxd7 19. Nxe4 dxe4 20. dxc5
Qxd1 21. Rxd1 Bxc5 22. b4 Bf8 23. Bb3 Bc6 24. Bg5 Bg7 25. a5 h6 26. Be3
Rad8 27. Bd4 Bxd4 28. Rxd4 1/2-1/2